[Типовые нормы и расценки на строительные, монтажные и ремонтно-строительные работы]. Сб. Т-54: Монтаж приборов и средств автоматизации (Запись № 7723505)

Подробности
000 -МАРКЕР
контрольное поле 02065nam2a22002531 4500
001 - ИДЕНТИФИКАТОР ЗАПИСИ
контрольное поле rc\3348623
005 - ИДЕНТИФИКАТОР ВЕРСИИ
контрольное поле 20250609215550.0
021 ## - НОМЕР ГОСУДАРСТВЕННОЙ РЕГИСТРАЦИИ
Код страны Российская Федерация
Номер Рг11645-81
035 ## - ДРУГИЕ СИСТЕМНЫЕ НОМЕРА
Идентификатор записи (NLR Aleph) 007520408
100 ## - ДАННЫЕ ОБЩЕЙ ОБРАБОТКИ
Данные общей обработки 20130115d1980 |||y0rusy50 ca
101 0# - ЯЗЫК РЕСУРСА
Язык текста, звукозаписи и т.д. русский
102 ## - СТРАНА ПУБЛИКАЦИИ ИЛИ ПРОИЗВОДСТВА
Страна публикации Российская Федерация
105 ## - ПОЛЕ КОДИРОВАННЫХ ДАННЫХ: ТЕКСТОВЫЕ МАТЕРИАЛЫ, МОНОГРАФИЧЕСКИЕ
Кодированные данные о монографическом текстовом документе y z |||||
200 1# - ЗАГЛАВИЕ И СВЕДЕНИЯ ОБ ОТВЕТСТВЕННОСТИ
Основное заглавие Монтаж приборов и средств автоматизации
Первые сведения об ответственности М-во энергетики и электрификации СССР. Упр. по нормированию труда и заработ. платы, Центр по НОТ и упр. в энергет. стр-ве "Энергостройтруд"
Обозначение и номер части Вып. 15
Наименование части Контрольно-измерительные приборы, средства автоматизации и дозиметрического контроля тепловых и атомных электрических станций
210 ## - ПУБЛИКАЦИЯ, РАСПРОСТРАНЕНИЕ И ДР.
Имя издателя, распространителя и т. д. Энергостройтруд
Дата издания, распространения и т.д. 1980
Место издания, распространения и т.д. Б. м.
215 ## - ФИЗИЧЕСКАЯ ХАРАКТЕРИСТИКА
Специфическое обозначение материала и объем 65 с.
461 #0 - УРОВЕНЬ НАБОРА
Встроенное поле 001rc\2340092
-- 2001#$a[Типовые нормы и расценки на строительные, монтажные и ремонтно-строительные работы]$e[Сб.] Т. 40$fМ-во мелиорации и водного хоз-ва СССР. Всесоюз. головной проектно-технол. ин-т "Союзоргтехводстрой"$vСб. Т-54
Системный номер (АБИС) связанной записи 6286577
Место публикации Москва
Дата публикации 1977
Первые сведения об ответственности М-во мелиорации и водного хоз-ва СССР. Всесоюз. головной проектно-технол. ин-т "Союзоргтехводстрой"
Имя издателя, распространителя и т.д. Б. и.
Сведения, относящиеся к заглавию [Сб.] Т. 40
Заглавие [Типовые нормы и расценки на строительные, монтажные и ремонтно-строительные работы]
Номер тома Сб. Т-54
606 ## - НАИМЕНОВАНИЕ ТЕМЫ КАК ПРЕДМЕТ
Наименование темы Автоматические устройства
Тематический подзаголовок Монтаж
Формальный подзаголовок Нормы и расценки (сб. Т-54)
Код системы psbo
801 #0 - ИСТОЧНИК ЗАПИСИ
Страна Российская Федерация
Организация NLR
Правила каталогизации psbo
801 #1 - ИСТОЧНИК ЗАПИСИ
Страна Российская Федерация
Организация ELAR
Источник данных rusmarc
852 ## - МЕСТОНАХОЖДЕНИЕ И ШИФР ХРАНЕНИЯ
Идентификатор организации NLR
Шифр хранения (Call Number) Пт 80.1/1037
942 ## - ДОПОЛНИТЕЛЬНЫЕ ЭЛЕМЕНТЫ ЗАПИСИ (АБИС)
Тип экземпляра АБИС Книга
980 ## - КОЛЛЕКЦИЯ
Название коллекции Национальная библиография
Экземпляры
Тип экземпляра Дата поступления Библиотека постоянного хранения Библиотека текущего хранения Место хранения Шифр хранения Штрих-код Статус экземпляра
Книга 26.10.2013 РНБ (Московский) РНБ (Московский) Фонд нормативно-технических и технических документов Пт 80.1/1037 7520408-10